[Event "Junior Online 4NCL Division 2"]
[Site "online"]
[Date "2020.05.28"]
[Round "7.13"]
[White "Mullaney, William"]
[Black "Truscott, Philip E"]
[Result "1-0"]
[WhiteElo "1600"]
[BlackElo "1660"]
[PlyCount "73"]
[EventDate "2020.05.28"]
[WhiteTeam "Downend Upstarts"]
[BlackTeam "Harrow Juniors A"]

1. d4 d5 2. Nc3 Nf6 3. Bf4 Bf5 4. e3 Nc6 5. Nf3 e6 6. Bb5 Qd7 7. Ne5 Qd8 8.
Nxc6 bxc6 9. Bxc6+ Nd7 10. Bxa8 Qxa8 11. O-O Bd6 12. Ne2 h5 13. h3 Bxf4 14.
exf4 Nf6 15. Ng3 Bg6 16. Re1 O-O 17. h4 Qb7 18. Rb1 Rb8 19. Qe2 Qb4 20. c3 Qa4
21. Ra1 Ne4 22. Nxe4 Bxe4 23. f3 Bg6 24. g4 hxg4 25. fxg4 Be4 26. g5 g6 27. Qh2
Bf3 28. Re3 Bh5 29. f5 exf5 30. Qe5 Rxb2 31. Qxc7 Re2 32. Rxe2 Bxe2 33. Re1
Qxa2 34. Qd8+ Kh7 35. Qe7 Bh5 36. Qxf7+ Kh8 37. Re8# 1-0

[Event "Junior Online 4NCL Division 2"]
[Site "online"]
[Date "2020.05.28"]
[Round "7.14"]
[White "Khanna, Pranav"]
[Black "Goodhew, Finn"]
[Result "1-0"]
[WhiteElo "1607"]
[BlackElo "1562"]
[PlyCount "93"]
[EventDate "2020.05.28"]
[WhiteTeam "Harrow Juniors A"]
[BlackTeam "Downend Upstarts"]

1. e4 e6 2. d4 d5 3. e5 c5 4. c3 Nc6 5. Nf3 Bd7 6. Be3 Nge7 7. Bb5 Nxe5 8.
Bxd7+ Nxd7 9. dxc5 Nf5 10. Qe2 Nxe3 11. Qxe3 Bxc5 12. Qe2 Qb6 13. O-O O-O 14.
Nfd2 Nf6 15. Nb3 Bd6 16. N1d2 Rac8 17. Rab1 Qc7 18. h3 Qc4 19. Nxc4 dxc4 20.
Nd4 Rc5 21. Nf3 Rfc8 22. Rfd1 Bf8 23. Qc2 b5 24. Rd2 Rf5 25. Rbd1 Nd5 26. Nh2
Bc5 27. Ng4 h5 28. Nh2 Rc7 29. Nf3 g6 30. Rxd5 exd5 31. Qe2 Re7 32. Qd2 Kg7 33.
Nd4 Rf6 34. Qg5 Rd7 35. Qg3 a6 36. Qe5 Bd6 37. Qg5 Bf4 38. Qh4 Bc7 39. Nf3 Bb6
40. Qg5 Rf5 41. Qh4 Rd6 42. Nd4 Rff6 43. Re1 Rd7 44. g4 Rf4 45. Qg5 Rf6 46.
gxh5 Rf5 47. Nxf5+ 1-0

[Event "Junior Online 4NCL Division 2"]
[Site "online"]
[Date "2020.05.28"]
[Round "7.15"]
[White "Balasundaram, Sivasatyan"]
[Black "Saunders, Aron"]
[Result "0-1"]
[WhiteElo "1757"]
[BlackElo "1765"]
[PlyCount "82"]
[EventDate "2020.05.28"]
[WhiteTeam "Harrow Juniors A"]
[BlackTeam "Downend Upstarts"]

1. d4 Nf6 2. c4 g6 3. Nc3 d5 4. cxd5 Nxd5 5. Bd2 Bg7 6. e4 Nxc3 7. Bxc3 c5 8.
d5 Bxc3+ 9. bxc3 O-O 10. Nf3 b6 11. Be2 Bb7 12. O-O Nd7 13. c4 Qc7 14. Qc2 Qf4
15. a4 Rfd8 16. Rab1 e6 17. Rfe1 exd5 18. exd5 Nf6 19. Bd3 Rab8 20. Re7 Bxd5
21. cxd5 Nxd5 22. Re4 Qf6 23. Rd1 Nc3 24. Rde1 Nxe4 25. Rxe4 Rbc8 26. Bc4 Rc7
27. Re1 Rcd7 28. h3 h5 29. Bb5 Re7 30. Rxe7 Qxe7 31. Qe2 Qd6 32. Bc4 Qd1+ 33.
Qxd1 Rxd1+ 34. Kh2 Rc1 35. Bd5 c4 36. Ne5 c3 37. Kg3 c2 38. Nd3 Rd1 39. Nc1
Rxd5 40. Kf3 Rd1 41. Nb3 Rd3+ 0-1

[Event "Junior Online 4NCL Division 2"]
[Site "online"]
[Date "2020.05.28"]
[Round "7.16"]
[White "Ahmed, Bilal"]
[Black "Gurjar, Roshan"]
[Result "0-1"]
[WhiteElo "1570"]
[BlackElo "1622"]
[PlyCount "52"]
[EventDate "2020.05.28"]
[WhiteTeam "Downend Upstarts"]
[BlackTeam "Harrow Juniors A"]

1. e4 c5 2. Nf3 d6 3. d4 cxd4 4. Nxd4 Nf6 5. Nc3 g6 6. Be3 Bg7 7. f3 Nc6 8. Qd2
O-O 9. O-O-O Bd7 10. Kb1 Re8 11. Be2 Rc8 12. g4 a6 13. h4 h5 14. gxh5 Nxh5 15.
Bh6 Nxd4 16. Bxg7 Nxe2 17. Nxe2 Kxg7 18. f4 Nf6 19. f5 Nxe4 20. Qf4 Bxf5 21. h5
Nf6 22. hxg6 Bxc2+ 23. Ka1 fxg6 24. Qh6+ Kf7 25. Nf4 Rh8 26. Qxg6+ Bxg6 0-1

[Event "Junior Online 4NCL Division 2"]
[Site "online"]
[Date "2020.05.28"]
[Round "7.17"]
[White "Truscott, Philip E"]
[Black "Mullaney, William"]
[Result "0-1"]
[WhiteElo "1660"]
[BlackElo "1600"]
[PlyCount "84"]
[EventDate "2020.05.28"]
[WhiteTeam "Harrow Juniors A"]
[BlackTeam "Downend Upstarts"]

1. e4 c5 2. Nf3 g6 3. d4 cxd4 4. Nxd4 Nc6 5. c4 Bg7 6. Be3 d6 7. Be2 Qb6 8.
Nxc6 Qxc6 9. Nc3 a6 10. Qd5 Nf6 11. Qxc6+ bxc6 12. O-O O-O 13. Rfd1 Rb8 14. Na4
c5 15. Bf3 Bd7 16. b3 Bxa4 17. bxa4 Rb4 18. Rab1 Rxa4 19. Rb7 Re8 20. e5 dxe5
21. Bxc5 e4 22. Be2 Rxa2 23. Kf1 e6 24. Bd4 e5 25. Bc5 e3 26. Bxe3 Ne4 27. Rc1
Rc8 28. Bd3 Nd6 29. Rb6 Bf8 30. c5 Nf5 31. c6 Bd6 32. Bxa6 Nxe3+ 33. fxe3 Rc7
34. Rb8+ Kg7 35. Bb7 Kf6 36. Rc8 Ke7 37. Rd1 Rxc8 38. Bxc8 Rc2 39. Bd7 Rc3 40.
Kf2 f5 41. Rb1 Rc2+ 42. Kf3 e4# 0-1

[Event "Junior Online 4NCL Division 2"]
[Site "online"]
[Date "2020.05.28"]
[Round "7.18"]
[White "Goodhew, Finn"]
[Black "Khanna, Pranav"]
[Result "1-0"]
[WhiteElo "1562"]
[BlackElo "1607"]
[PlyCount "95"]
[EventDate "2020.05.28"]
[WhiteTeam "Downend Upstarts"]
[BlackTeam "Harrow Juniors A"]

1. d4 d5 2. c4 c6 3. Nf3 Nf6 4. Bf4 e6 5. Nc3 Bb4 6. e3 Bxc3+ 7. bxc3 O-O 8.
cxd5 cxd5 9. Bd3 Nc6 10. O-O Bd7 11. c4 Rc8 12. cxd5 exd5 13. h3 h6 14. Rb1 b6
15. Ba6 Ra8 16. Bb7 Nh5 17. Bh2 Nf6 18. Bxa8 Qxa8 19. Ne5 Nxe5 20. Bxe5 Ne4 21.
Rc1 Qd8 22. Qb3 Be6 23. Rc7 Qg5 24. Kh2 Qh4 25. Qc2 Ng5 26. f3 Bxh3 27. gxh3
Qxh3+ 28. Kg1 Nxf3+ 29. Rxf3 Qxf3 30. Qf2 Qg4+ 31. Qg3 Qd1+ 32. Kh2 Qe2+ 33.
Kh3 Qh5+ 34. Kg2 Qe2+ 35. Qf2 Qxf2+ 36. Kxf2 Rd8 37. Rxa7 b5 38. Rb7 Ra8 39.
Rxb5 Rxa2+ 40. Kf3 Ra8 41. Rxd5 Rf8 42. Bg3 Re8 43. e4 f6 44. Rb5 Re7 45. d5
Kf7 46. Rc5 Re8 47. d6 Ke6 48. Rc7 1-0

[Event "Junior Online 4NCL Division 2"]
[Site "online"]
[Date "2020.05.28"]
[Round "7.21"]
[White "Moran, Hugh"]
[Black "Maton, Emily"]
[Result "0-1"]
[WhiteElo "1673"]
[BlackElo "1675"]
[PlyCount "88"]
[EventDate "2020.05.28"]
[WhiteTeam "Gonzaga College SJ B"]
[BlackTeam "St Albans Early Knights 1"]

1. e4 c5 2. Nf3 g6 3. d4 cxd4 4. Qxd4 Nf6 5. Nc3 Nc6 6. Qa4 d6 7. e5 dxe5 8.
Nxe5 Bd7 9. Nxd7 Qxd7 10. Be3 Bg7 11. Rd1 Qc8 12. Be2 O-O 13. O-O a6 14. Qb3
Ng4 15. Bxg4 Qxg4 16. Qxb7 Rfc8 17. Qd7 Qxd7 18. Rxd7 Nb4 19. Bd4 Bxd4 20. Rxd4
Nxc2 21. Rd7 e6 22. Rfd1 Rab8 23. Na4 Nb4 24. a3 Nd5 25. b4 Rc2 26. Ra7 Ra2 27.
Rxa6 Rxa3 28. Nc5 Rxa6 29. Nxa6 Rb5 30. Rb1 Kf8 31. Kf1 Ke7 32. Ke1 Kd6 33. Kd2
Kc6 34. Nc5 Rxb4 35. Rxb4 Nxb4 36. Ne4 h6 37. g4 Kd5 38. Ke3 Nc2+ 39. Kf3 Nd4+
40. Ke3 Nc2+ 41. Kf3 Ke5 42. Ng3 f5 43. h3 Nd4+ 44. Ke3 f4+ 0-1

[Event "Junior Online 4NCL Division 2"]
[Site "online"]
[Date "2020.05.28"]
[Round "7.22"]
[White "Ball, Charlie"]
[Black "McGlade, Emmet"]
[Result "0-1"]
[WhiteElo "1540"]
[BlackElo "1625"]
[PlyCount "64"]
[EventDate "2020.05.28"]
[WhiteTeam "St Albans Early Knights 1"]
[BlackTeam "Gonzaga College SJ B"]

1. e4 c6 2. d3 d5 3. Nd2 e5 4. Ngf3 Bd6 5. Be2 Nf6 6. c3 O-O 7. Qc2 Re8 8. h3
Nbd7 9. Nf1 Nf8 10. Bg5 h6 11. Bd2 Be6 12. g4 Qd7 13. g5 hxg5 14. Nxg5 Ng6 15.
Nxe6 Qxe6 16. Ng3 Nf4 17. Bxf4 exf4 18. Nf5 dxe4 19. Nxd6 Qxd6 20. O-O-O f3 21.
dxe4 Qf4+ 22. Kb1 fxe2 23. Qxe2 Qxe4+ 24. Qxe4 Rxe4 25. f3 Re3 26. Rdf1 Rd8 27.
h4 Rd2 28. Ka1 Ree2 29. Rb1 Nd5 30. h5 Ne3 31. Rhc1 Nc2+ 32. Rxc2 Rxc2 0-1

[Event "Junior Online 4NCL Division 2"]
[Site "online"]
[Date "2020.05.28"]
[Round "7.23"]
[White "O'laoide, Liam"]
[Black "Ball, Katie C"]
[Result "1-0"]
[WhiteElo "1585"]
[BlackElo "1525"]
[PlyCount "93"]
[EventDate "2020.05.28"]
[WhiteTeam "Gonzaga College SJ B"]
[BlackTeam "St Albans Early Knights 1"]

1. e4 e6 2. d4 d5 3. Nd2 c5 4. Ngf3 cxd4 5. Nxd4 Bc5 6. N4b3 Be7 7. Be2 dxe4 8.
Nxe4 Qxd1+ 9. Bxd1 Nf6 10. Bf3 O-O 11. O-O Rd8 12. Bg5 Nbd7 13. Rad1 Re8 14.
Nd6 Bxd6 15. Rxd6 h6 16. Bxf6 Nxf6 17. Nc5 Rb8 18. Rfd1 b6 19. Ne4 Nxe4 20.
Bxe4 Kf8 21. Bc6 Bb7 22. Bxe8 Kxe8 23. c4 Ba6 24. b3 Bb7 25. Rd7 a6 26. Rc7 Ba8
27. Rdd7 Rd8 28. Re7+ Kf8 29. Rxf7+ Kg8 30. Rxg7+ Kf8 31. Rgd7 Rxd7 32. Rxd7
Be4 33. f3 Bb1 34. Rb7 Bxa2 35. Rxb6 a5 36. c5 Ke7 37. Kf2 Kd7 38. Ke3 Bb1 39.
Kd4 Bc2 40. Ke5 Bd3 41. Rxe6 Bf1 42. g3 Bg2 43. f4 Bc6 44. Rxh6 Bf3 45. f5 Bd1
46. Rd6+ Ke7 47. Rxd1 1-0

[Event "Junior Online 4NCL Division 2"]
[Site "online"]
[Date "2020.05.28"]
[Round "7.24"]
[White "Petcov, Nichiforos"]
[Black "Hunter, Sean"]
[Result "0-1"]
[WhiteElo "1427"]
[BlackElo "1582"]
[PlyCount "62"]
[EventDate "2020.05.28"]
[WhiteTeam "St Albans Early Knights 1"]
[BlackTeam "Gonzaga College SJ B"]

1. e4 e5 2. Nf3 Nc6 3. Nc3 Nf6 4. Bb5 d6 5. h3 Be7 6. d3 O-O 7. Bg5 a6 8. Bxc6
bxc6 9. Bxf6 Bxf6 10. Qd2 Rb8 11. b3 Be6 12. O-O c5 13. Nd5 Bxd5 14. exd5 Qd7
15. Ng5 e4 16. Rae1 exd3 17. cxd3 Qf5 18. Ne4 Bd4 19. Kh1 Qxd5 20. f4 Rfe8 21.
Nc3 Qf5 22. Ne2 Be3 23. Qb2 Qxd3 24. Ng3 Bxf4 25. Nh5 Bh6 26. Rxe8+ Rxe8 27.
Ra1 Qe2 28. Rc1 Qxb2 29. Kh2 Qxc1 30. b4 Bf4+ 31. g3 Re2# 0-1

[Event "Junior Online 4NCL Division 2"]
[Site "online"]
[Date "2020.05.28"]
[Round "7.25"]
[White "Maton, Emily"]
[Black "Moran, Hugh"]
[Result "0-1"]
[WhiteElo "1675"]
[BlackElo "1673"]
[PlyCount "110"]
[EventDate "2020.05.28"]
[WhiteTeam "St Albans Early Knights 1"]
[BlackTeam "Gonzaga College SJ B"]

1. g3 d6 2. c4 e5 3. Bg2 f5 4. d4 Nf6 5. dxe5 dxe5 6. Qxd8+ Kxd8 7. Nc3 Bb4 8.
Bd2 c6 9. a3 Bd6 10. e4 Be6 11. exf5 Bxc4 12. Bg5 Ke7 13. Ne4 h6 14. Bxf6+ gxf6
15. Nxd6 Kxd6 16. Rd1+ Kc7 17. Nf3 Nd7 18. Nh4 Nc5 19. Bf1 Bb3 20. Rc1 Kb6 21.
Be2 Na4 22. O-O Rad8 23. Bc4 Bxc4 24. Rxc4 Nc5 25. Rb4+ Kc7 26. Rc4 Nd3 27. b4
b5 28. Rc3 Rd6 29. Rd1 Rhd8 30. Ng6 Nb2 31. Rxd6 Rxd6 32. Ne7 Nc4 33. Ng8 h5
34. a4 a6 35. axb5 cxb5 36. Nh6 Kb6 37. Kg2 a5 38. bxa5+ Kxa5 39. Nf7 Rd7 40.
Nh6 Kb4 41. Rc1 Ka3 42. Ng8 Rd6 43. Ne7 Kb2 44. Rf1 b4 45. Nc8 Ra6 46. Re1 b3
47. Ne7 Kc2 48. Nd5 Ra4 49. Re2+ Kd3 50. Nf4+ Kc3 51. Nd5+ Kd4 52. Nxf6 b2 53.
Re4+ Kc5 54. Re1 Ra1 55. Ne4+ Kd4 0-1

[Event "Junior Online 4NCL Division 2"]
[Site "online"]
[Date "2020.05.28"]
[Round "7.26"]
[White "McGlade, Emmet"]
[Black "Ball, Charlie"]
[Result "0-1"]
[WhiteElo "1625"]
[BlackElo "1540"]
[PlyCount "136"]
[EventDate "2020.05.28"]
[WhiteTeam "Gonzaga College SJ B"]
[BlackTeam "St Albans Early Knights 1"]

1. e4 d6 2. d4 Nf6 3. Nc3 Nbd7 4. f4 e5 5. Nf3 exd4 6. Nxd4 g6 7. Bc4 Bg7 8.
O-O O-O 9. f5 Ne5 10. Bb3 a6 11. fxg6 hxg6 12. Bg5 c5 13. Nf3 Bg4 14. h3 Bxf3
15. gxf3 c4 16. f4 cxb3 17. fxe5 bxc2 18. Qxd6 Qxd6 19. exd6 Rad8 20. e5 Nh7
21. Bxd8 Rxd8 22. Rfe1 Ng5 23. Kg2 Ne6 24. Re4 Nc5 25. Re3 Bh6 26. Ree1 Nd3 27.
Rf1 c1=Q 28. Raxc1 Nxc1 29. Nd5 Nd3 30. b3 Nxe5 31. Ne7+ Kf8 32. Rd1 Bg5 33.
Rd5 Bxe7 34. dxe7+ Kxe7 35. Rxe5+ Kf6 36. Re2 b5 37. Kf3 Rd3+ 38. Kg4 Rd4+ 39.
Kg3 Rd3+ 40. Kg4 Rd4+ 41. Kf3 Rd3+ 42. Re3 Rxe3+ 43. Kxe3 Ke5 44. Kf3 Kf5 45.
Kg3 g5 46. Kf3 f6 47. Ke3 b4 48. Kd4 Kf4 49. Kc5 Kg3 50. Kxb4 Kxh3 51. Ka5 g4
52. Kxa6 g3 53. b4 g2 54. b5 g1=Q 55. b6 Qc5 56. b7 Qc7 57. a4 Qb8 58. Kb6 f5
59. a5 f4 60. a6 f3 61. a7 Qd6+ 62. Kb5 Qd5+ 63. Kb6 Qd4+ 64. Ka6 f2 65. a8=Q
f1=Q+ 66. Ka5 Qfa1+ 67. Kb5 Qab2+ 68. Kc6 Qbb6# 0-1

[Event "Junior Online 4NCL Division 2"]
[Site "online"]
[Date "2020.05.28"]
[Round "7.27"]
[White "Ball, Katie C"]
[Black "O'laoide, Liam"]
[Result "0-1"]
[WhiteElo "1525"]
[BlackElo "1585"]
[PlyCount "100"]
[EventDate "2020.05.28"]
[WhiteTeam "St Albans Early Knights 1"]
[BlackTeam "Gonzaga College SJ B"]

1. d4 Nf6 2. Bf4 g6 3. Nc3 d5 4. h4 c5 5. e3 Qa5 6. Nf3 Ne4 7. Nd2 Nxc3 8. bxc3
Qxc3 9. dxc5 Qxc5 10. Be5 Rg8 11. Nb3 Qb6 12. Qxd5 Nc6 13. Bf4 Be6 14. Qd2 Bg7
15. Rd1 Rd8 16. Bd3 Ne5 17. Bxe5 Bxe5 18. O-O Qc7 19. Qe2 Qc8 20. Bb5+ Kf8 21.
Rxd8+ Qxd8 22. Rd1 Qc7 23. Rd2 Kg7 24. Qd1 Bf6 25. g3 a6 26. Bd7 Bc4 27. Bg4
Bb5 28. Be2 Bc6 29. Bc4 b5 30. Be2 Qb7 31. Nc5 Qa8 32. Nd7 Bc3 33. Rd3 b4 34.
Nc5 Bb5 35. Rxc3 bxc3 36. Bxb5 axb5 37. Qd4+ Kf8 38. Nd7+ Ke8 39. Ne5 Qc8 40.
Qf4 f6 41. Nd3 Qc4 42. Qb8+ Kf7 43. Qb6 Qxa2 44. Qxb5 Qxc2 45. Qc4+ Kg7 46. Nf4
Qd1+ 47. Kg2 c2 48. Qe4 Re8 49. Nd3 Qxd3 50. Qxd3 c1=Q 0-1

[Event "Junior Online 4NCL Division 2"]
[Site "online"]
[Date "2020.05.28"]
[Round "7.28"]
[White "Hunter, Sean"]
[Black "Petcov, Nichiforos"]
[Result "1-0"]
[WhiteElo "1582"]
[BlackElo "1427"]
[PlyCount "35"]
[EventDate "2020.05.28"]
[WhiteTeam "Gonzaga College SJ B"]
[BlackTeam "St Albans Early Knights 1"]

1. e4 e5 2. Nf3 Nc6 3. Bc4 Nf6 4. d3 Bc5 5. Nc3 d6 6. O-O Bg4 7. h3 Bh5 8. g4
Nxg4 9. hxg4 Bxg4 10. Be3 Qf6 11. Kg2 Qg6 12. Rh1 Bd4 13. Nh4 Qh5 14. Qd2 Bxe3
15. Qxe3 g5 16. Nf5 Qg6 17. Rh6 Qg8 18. Nd5 1-0

[Event "Junior Online 4NCL Division 2"]
[Site "online"]
[Date "2020.05.28"]
[Round "7.31"]
[White "Pal, Rohan"]
[Black "Volovich, Julia"]
[Result "0-1"]
[WhiteElo "1772"]
[BlackElo "1892"]
[PlyCount "62"]
[EventDate "2020.05.28"]
[WhiteTeam "Hallfield School A"]
[BlackTeam "Cambridge Chess & Go A"]

1. e4 e6 2. d4 d5 3. Nc3 Bb4 4. Bd3 dxe4 5. Bxe4 Nf6 6. Bf3 O-O 7. Nge2 e5 8.
Be3 e4 9. Bxe4 Nxe4 10. Qd3 Nxc3 11. Nxc3 Nc6 12. O-O-O Ne7 13. Bg5 Bf5 14.
Bxe7 Qd7 15. Qf3 Bxe7 16. Qxb7 Rfb8 17. Qf3 Bg4 18. Qd5 Bd6 19. Rde1 Bf4+ 20.
Kb1 Bd2 21. Qxd7 Bxd7 22. Nd5 Bxe1 23. Rxe1 Re8 24. Rd1 Rac8 25. c3 Bf5+ 26.
Kc1 c6 27. Ne3 Bg6 28. Nc4 Re2 29. Ne3 Rxf2 30. Re1 Re8 31. a3 f5 0-1

[Event "Junior Online 4NCL Division 2"]
[Site "online"]
[Date "2020.05.28"]
[Round "7.32"]
[White "Linton, Alexander"]
[Black "Monga, Kanav"]
[Result "1-0"]
[WhiteElo "1607"]
[BlackElo "1645"]
[PlyCount "47"]
[EventDate "2020.05.28"]
[WhiteTeam "Cambridge Chess & Go A"]
[BlackTeam "Hallfield School A"]

1. e4 c5 2. Nf3 d6 3. d4 cxd4 4. Nxd4 Nf6 5. Nc3 g6 6. Be3 Bg7 7. f3 a6 8. Qd2
b5 9. a3 Bb7 10. Be2 Nbd7 11. g4 Rc8 12. h4 Nc5 13. O-O-O Qa5 14. Bh6 Bxh6 15.
Qxh6 b4 16. Nb1 e5 17. Bc4 Ncd7 18. Nb3 Qa4 19. N3d2 Nb6 20. Bb3 Qd7 21. axb4
Bc6 22. Qg7 Ke7 23. Qxf7+ Kd8 24. Qxf6+ 1-0

[Event "Junior Online 4NCL Division 2"]
[Site "online"]
[Date "2020.05.28"]
[Round "7.33"]
[White "Amir, Zain"]
[Black "Xu, Albert"]
[Result "0-1"]
[WhiteElo "1562"]
[BlackElo "1450"]
[PlyCount "138"]
[EventDate "2020.05.28"]
[WhiteTeam "Hallfield School A"]
[BlackTeam "Cambridge Chess & Go A"]

1. c4 e5 2. Nc3 Nf6 3. g3 Bc5 4. Bg2 d6 5. e3 Be6 6. Bxb7 Nbd7 7. d3 Rb8 8. Bg2
O-O 9. Nge2 Re8 10. e4 c6 11. O-O Nf8 12. Bg5 h6 13. Be3 Bb6 14. Bxb6 Rxb6 15.
Qc2 d5 16. cxd5 cxd5 17. exd5 Nxd5 18. d4 exd4 19. Nxd4 Nb4 20. Qd1 Bc4 21.
Nde2 Qxd1 22. Rfxd1 Bxe2 23. Nxe2 Rxe2 24. a3 Nc6 25. b4 a5 26. bxa5 Nxa5 27.
Rd5 Nc4 28. Bf1 Rc2 29. Rc5 Nxa3 30. Rxc2 Nxc2 31. Rc1 Nd4 32. Rd1 Nfe6 33. Bc4
Rb2 34. Bd3 Ng5 35. Ra1 g6 36. Ra8+ Kg7 37. Rd8 Ndf3+ 38. Kg2 Rd2 39. h4 Rxd3
40. Rxd3 Ne1+ 41. Kf1 Nxd3 42. hxg5 hxg5 43. Ke2 Ne5 44. Ke3 Kf6 45. f4 gxf4+
46. gxf4 Nc4+ 47. Kd4 Nd6 48. Kd5 Nf5 49. Ke4 Nh4 50. Ke3 Kf5 51. Kd4 Kxf4 52.
Kd5 f5 53. Ke6 g5 54. Kf6 g4 55. Kg7 g3 56. Kh6 Kg4 57. Kg7 g2 58. Kf6 f4 59.
Ke5 f3 60. Ke4 f2 61. Kd4 f1=Q 62. Kd5 g1=Q 63. Ke4 Qgg2+ 64. Kd4 Qd2+ 65. Ke4
Qde2+ 66. Kd4 Qfd1+ 67. Kc5 Qec2+ 68. Kb4 Qdb1+ 69. Ka3 Qca2# 0-1

[Event "Junior Online 4NCL Division 2"]
[Site "online"]
[Date "2020.05.28"]
[Round "7.34"]
[White "Volovich, Andrew"]
[Black "Pasha, Farhaan"]
[Result "1-0"]
[WhiteElo "1480"]
[BlackElo "1382"]
[PlyCount "37"]
[EventDate "2020.05.28"]
[WhiteTeam "Cambridge Chess & Go A"]
[BlackTeam "Hallfield School A"]

1. e4 e5 2. Nf3 Nc6 3. Bc4 Bc5 4. b4 Bxb4 5. c3 Bc5 6. d4 exd4 7. O-O dxc3 8.
Bxf7+ Kxf7 9. Qd5+ Ke8 10. Qxc5 d6 11. Qxc3 Nf6 12. Re1 Kf7 13. e5 Nd5 14. Qc4
Nce7 15. Nc3 c6 16. Nxd5 cxd5 17. Qf4+ Kg8 18. e6 Ng6 19. Qf7# 1-0

[Event "Junior Online 4NCL Division 2"]
[Site "online"]
[Date "2020.05.28"]
[Round "7.35"]
[White "Volovich, Julia"]
[Black "Pal, Rohan"]
[Result "1-0"]
[WhiteElo "1892"]
[BlackElo "1772"]
[PlyCount "107"]
[EventDate "2020.05.28"]
[WhiteTeam "Cambridge Chess & Go A"]
[BlackTeam "Hallfield School A"]

1. d4 d5 2. c4 e6 3. Nc3 Be7 4. Nf3 Nf6 5. Bg5 O-O 6. e3 b6 7. cxd5 Nxd5 8.
Nxd5 exd5 9. Bxe7 Qxe7 10. Bd3 c5 11. Rc1 h6 12. dxc5 bxc5 13. Bb1 d4 14. Qc2
g6 15. Qxc5 Qxc5 16. Rxc5 dxe3 17. fxe3 Bb7 18. Rc7 Bd5 19. Kf2 Na6 20. Rd7 Be6
21. Rd6 Nc5 22. b4 Nb7 23. Rd4 Rfd8 24. Rhd1 Kf8 25. Be4 Rab8 26. a3 Rxd4 27.
Nxd4 Bg4 28. Rc1 Nd6 29. Bd5 Nb5 30. Nxb5 Rxb5 31. e4 a5 32. Rc5 Rxc5 33. bxc5
Ke7 34. Ke3 f6 35. Kd4 Kd7 36. Kc4 Be2+ 37. Kc3 Bf1 38. g3 Bg2 39. Kd4 Kc7 40.
e5 fxe5+ 41. Kxe5 Bf1 42. Be4 g5 43. Kf6 Be2 44. Kg7 h5 45. Kh6 g4 46. Kxh5 a4
47. Bc2 Kc6 48. Bxa4+ Kxc5 49. Bd7 Kd6 50. Bxg4 Bb5 51. Kh6 Ke5 52. Kg7 Kd4 53.
h4 Kd3 54. h5 1-0

[Event "Junior Online 4NCL Division 2"]
[Site "online"]
[Date "2020.05.28"]
[Round "7.36"]
[White "Monga, Kanav"]
[Black "Linton, Alexander"]
[Result "1-0"]
[WhiteElo "1645"]
[BlackElo "1607"]
[PlyCount "111"]
[EventDate "2020.05.28"]
[WhiteTeam "Hallfield School A"]
[BlackTeam "Cambridge Chess & Go A"]

1. d4 d5 2. Bf4 c5 3. e3 Nc6 4. c3 Qb6 5. Qb3 Nf6 6. Nd2 cxd4 7. exd4 Bf5 8.
Ngf3 e6 9. Bb5 Rc8 10. O-O Be7 11. Ne5 O-O 12. Bxc6 bxc6 13. Rfe1 Ne4 14. Nxe4
Bxe4 15. f3 Bf5 16. Qxb6 axb6 17. Nd7 Rfe8 18. Nxb6 Rcd8 19. Bc7 c5 20. Bxd8
Rxd8 21. Rad1 cxd4 22. cxd4 Rb8 23. Nxd5 Bh4 24. Re5 f6 25. Ne7+ Kf7 26. Nxf5
fxe5 27. Nxh4 Rxb2 28. dxe5 Rxa2 29. Rd7+ Ke8 30. Rxg7 Ra1+ 31. Kf2 Ra2+ 32.
Kg3 Ra3 33. Rxh7 Kd8 34. Kg4 Ra4+ 35. f4 Ra6 36. Kg5 Rc6 37. Kf6 Rc7 38. Rxc7
Kxc7 39. Kxe6 Kc6 40. Kf7 Kc7 41. e6 Kd6 42. e7 Kd5 43. e8=Q Kd4 44. Qe6 Kc3
45. Qd5 Kb4 46. Ke6 Kc3 47. Ke5 Kb2 48. Qc4 Ka3 49. Kd4 Kb2 50. Kd3 Kb1 51. Qc3
Ka2 52. Nf3 Kb1 53. Kd2 Ka2 54. Nd4 Kb1 55. Qc2+ Ka1 56. Nb3# 1-0

[Event "Junior Online 4NCL Division 2"]
[Site "online"]
[Date "2020.05.28"]
[Round "7.37"]
[White "Xu, Albert"]
[Black "Amir, Zain"]
[Result "1/2-1/2"]
[WhiteElo "1450"]
[BlackElo "1562"]
[PlyCount "163"]
[EventDate "2020.05.28"]
[WhiteTeam "Cambridge Chess & Go A"]
[BlackTeam "Hallfield School A"]

1. e4 Nc6 2. d4 d5 3. e5 Bf5 4. c3 e6 5. Nf3 f6 6. exf6 Nxf6 7. Bg5 Be7 8. Bd3
Bxd3 9. Qxd3 O-O 10. O-O h6 11. Bh4 Ne4 12. Bxe7 Qxe7 13. Nbd2 Nxd2 14. Qxd2
Rf5 15. Rae1 Re8 16. Re2 Qd7 17. Rfe1 Rf6 18. b4 a6 19. a4 b5 20. axb5 axb5 21.
Qd3 Rb8 22. Nd2 Qf7 23. Nb3 Ne7 24. Nc5 Nc8 25. Nxe6 Nd6 26. Nc5 Qg6 27. Qxg6
Rxg6 28. Re7 Rc8 29. f3 Nf5 30. R7e6 Nh4 31. Rxg6 Nxg6 32. Kf2 Kf7 33. Re6 Nf4
34. Re5 Kf6 35. g3 Ng6 36. Rxd5 c6 37. Rd6+ Kf7 38. Nb7 Ne7 39. Ke3 Nd5+ 40.
Kd3 Rc7 41. Nc5 Ke8 42. Re6+ Kf7 43. Rd6 Ke8 44. Na6 Rc8 45. c4 bxc4+ 46. Kxc4
Ke7 47. Rg6 Kf7 48. Rd6 Ke7 49. Rxd5 cxd5+ 50. Kxd5 Rd8+ 51. Kc4 Rc8+ 52. Nc5
Kd6 53. b5 Rf8 54. f4 g5 55. fxg5 hxg5 56. Ne4+ Kc7 57. Nxg5 Kb6 58. Ne4 Rc8+
59. Nc5 Rh8 60. h4 Rg8 61. Nd7+ Kc7 62. Ne5 Rxg3 63. Kc5 Rc3+ 64. Nc4 Rh3 65.
b6+ Kb7 66. Nd6+ Kb8 67. Kc6 Rc3+ 68. Kd7 Rd3 69. Nb5 Rb3 70. Kc6 Rh3 71. d5
Rxh4 72. Nd6 Rh6 73. b7 Rg6 74. Kd7 Rg7+ 75. Ke6 Rg6+ 76. Ke7 Rg7+ 77. Nf7 Kxb7
78. d6 Rg1 79. d7 Re1+ 80. Kd6 Rd1+ 81. Ke6 Rxd7 82. Kxd7 1/2-1/2

[Event "Junior Online 4NCL Division 2"]
[Site "online"]
[Date "2020.05.28"]
[Round "7.38"]
[White "Pasha, Farhaan"]
[Black "Volovich, Andrew"]
[Result "1-0"]
[WhiteElo "1382"]
[BlackElo "1480"]
[PlyCount "81"]
[EventDate "2020.05.28"]
[WhiteTeam "Hallfield School A"]
[BlackTeam "Cambridge Chess & Go A"]

1. e4 e6 2. Nf3 d5 3. d3 dxe4 4. Nfd2 exd3 5. Bxd3 Nf6 6. Nc3 Be7 7. O-O O-O 8.
Nf3 Nc6 9. Bg5 e5 10. Bxf6 Bxf6 11. h3 Be6 12. Qe2 Re8 13. Rfe1 Qe7 14. Nd2
Rad8 15. Qh5 g6 16. Qf3 Nb4 17. Nde4 Bf5 18. a3 Nxd3 19. cxd3 Bg7 20. Rac1 Bh6
21. Rc2 Qd7 22. Nf6+ Kf8 23. Nxd7+ Rxd7 24. Qxb7 c5 25. Qf3 Rxd3 26. Qc6 Rc8
27. Qb5 c4 28. Nd5 Rb3 29. Qa6 Bxc2 30. Qxc8+ Kg7 31. Rxe5 Rd3 32. Qxc4 Rd1+
33. Kh2 Rc1 34. Qc3 Bf4+ 35. Nxf4 g5 36. Re1+ f6 37. Rxc1 Bg6 38. Nxg6 Kxg6 39.
Qd3+ Kh6 40. Rc7 a5 41. Rxh7# 1-0

[Event "Junior Online 4NCL Division 2"]
[Site "online"]
[Date "2020.05.28"]
[Round "7.41"]
[White "Merriman, James"]
[Black "Auchi, Nadhmi"]
[Result "1/2-1/2"]
[WhiteElo "1967"]
[BlackElo "1922"]
[PlyCount "102"]
[EventDate "2020.05.28"]
[WhiteTeam "KJCA Young Kestrels B"]
[BlackTeam "Hammersmith 1"]

1. d4 d5 2. c4 e6 3. Nc3 c6 4. Nf3 dxc4 5. Bg5 f6 6. Bd2 Bb4 7. e4 b5 8. a4 a5
9. axb5 Bxc3 10. Bxc3 cxb5 11. b3 Bb7 12. bxc4 b4 13. Bxb4 axb4 14. Rxa8 Bxa8
15. d5 exd5 16. cxd5 Qa5 17. Bc4 Nd7 18. O-O Nh6 19. d6 Ng4 20. Qd4 Nge5 21.
Ra1 Qd8 22. Nxe5 Nxe5 23. Bb5+ Bc6 24. Bxc6+ Nxc6 25. Qd5 Qc8 26. d7+ Qxd7 27.
Ra8+ Ke7 28. Qc5+ Qd6 29. Qxd6+ Kxd6 30. Rxh8 h6 31. Ra8 Kc5 32. Ra1 b3 33. Kf1
Kb4 34. Ke2 b2 35. Rb1 Kb3 36. Kf3 Nd4+ 37. Kg4 g6 38. h4 Ne2 39. h5 gxh5+ 40.
Kxh5 Nc3 41. Rxb2+ Kxb2 42. Kxh6 Nxe4 43. f3 Nc5 44. Kg6 Nd7 45. Kf5 Kc3 46.
Ke6 Nc5+ 47. Kxf6 Kd4 48. f4 Ke4 49. Kg5 Ne6+ 50. Kg4 Nxf4 51. g3 Ne2 1/2-1/2

[Event "Junior Online 4NCL Division 2"]
[Site "online"]
[Date "2020.05.28"]
[Round "7.42"]
[White "Esiri, Jack"]
[Black "Bansal, Saahil"]
[Result "0-1"]
[WhiteElo "1765"]
[BlackElo "1915"]
[PlyCount "55"]
[EventDate "2020.05.28"]
[WhiteTeam "Hammersmith 1"]
[BlackTeam "KJCA Young Kestrels B"]

1. e4 e6 2. d4 d5 3. Nd2 dxe4 4. Nxe4 Nd7 5. Nf3 Be7 6. Bf4 Ngf6 7. Ng3 O-O 8.
Bd3 c5 9. c3 cxd4 10. Nxd4 e5 11. Bxe5 Nxe5 12. O-O Nxd3 13. Qxd3 Bc5 14. Rad1
Qb6 15. Qc2 Bg4 16. Rd2 Rae8 17. h3 Be6 18. a4 Bd5 19. b4 Bd6 20. c4 Rc8 21.
Ndf5 Bxb4 22. Rd4 g6 23. Qc1 Bxg2 24. Qh6 gxf5 25. Rh4 Be4 26. Qg5+ Kh8 27.
Nxf5 Rg8 28. Qg7+ 0-1